[Event "DEN-chT 1920 58th"]
[Site "Denmark"]
[Date "2020.09.05"]
[Round "8.3"]
[White "Brynell, Stellan"]
[Black "Sloth, Jorn"]
[Result "1-0"]
[WhiteElo "2412"]
[BlackElo "2313"]
[PlyCount "113"]
[EventDate "2019.11.23"]
[EventType "team-tourn"]
[EventRounds "9"]
[EventCountry "DEN"]
[SourceTitle "EXT 2021"]
[Source "ChessBase"]
[SourceDate "2020.10.23"]
[SourceVersion "1"]
[SourceVersionDate "2020.10.23"]
[SourceQuality "1"]
[WhiteTeam "Nordkallotten"]
[BlackTeam "Nordre"]
[WhiteTeamCountry "DEN"]
[BlackTeamCountry "DEN"]

1. d4 Nf6 2. Nf3 e6 3. c4 Nc6 4. g3 Bb4+ 5. Bd2 a5 6. Bg2 d5 7. Qc2 dxc4 8. Qxc4 Qd5 9. Qd3 Qf5 10. Qxf5 exf5 11. 0-0 Bxd2 12. Nbxd2 Be6 13. Rfc1 0-0-0 14. e3 Bd5 15. a3 Ne4 16. Rc2 Kb8 17. Rac1 Rhe8 18. Ne1 Nxd2 19. Rxd2 Ne7 20. Rdc2 Bxg2 21. Nxg2 Rd7 22. Nf4 b6 23. Kg2 c6 24. Nd3 f6 25. Nf4 Rd6 26. Kf3 Kb7 27. h3 Red8 28. g4 R8d7 29. Nh5 g6 30. Ng3 Rd5 31. gxf5 Nxf5 32. Rxc6 Nxg3 33. Kxg3 Rb5 34. R6c2 Rg5+ 35. Kh2 Rf5 36. Rd2 Re5 37. Rc3 Rc5 38. Rdc2 Rb5 39. Rc4 Rb3 40. Kg2 Rb5 41. a4 Rg5+ 42. Kh2 Rf5 43. Rc6 Rxf2+ 44. Rxf2 Kxc6 45. Rxf6+ Kd5 46. Kg3 Rb7 47. b3 b5 48. Ra6 Ke4 49. Rxa5 Kxe3 50. Rxb5 Rf7 51. d5 Rf3+ 52. Kg4 Rf4+ 53. Kg5 Rf5+ 54. Kh6 Rh5+ 55. Kg7 Rxh3 56. d6 Ke4 57. Kf7 1-0

[Event "DEN-chT 1920 58th"]
[Site "Denmark"]
[Date "2020.01.12"]
[Round "5.3"]
[White "Ochsner, Bjorn Moller"]
[Black "Sloth, Jorn"]
[Result "1-0"]
[WhiteElo "2491"]
[BlackElo "2313"]
[PlyCount "100"]
[EventDate "2019.11.23"]
[EventType "team-tourn"]
[EventRounds "9"]
[EventCountry "DEN"]
[SourceTitle "CBM 194 Extra"]
[Source "ChessBase"]
[SourceDate "2020.03.31"]
[SourceVersion "1"]
[SourceVersionDate "2020.03.31"]
[SourceQuality "1"]
[WhiteTeam "Skanderborg Nordea"]
[BlackTeam "Nordre"]
[WhiteTeamCountry "DEN"]
[BlackTeamCountry "DEN"]

1. e4 Nf6 2. e5 Nd5 3. d4 d6 4. c4 Nb6 5. exd6 exd6 6. Nc3 Nc6 7. Nf3 Bg4 8. Be2 Be7 9. d5 Bxf3 10. Bxf3 Ne5 11. Be2 0-0 12. b3 Bf6 13. Bb2 Re8 14. 0-0 a5 15. Qc2 Ng6 16. Bd3 a4 17. Rad1 axb3 18. axb3 Nd7 19. g3 Nc5 20. Bf5 Na6 21. Kg2 Nb4 22. Qd2 Na2 23. Nxa2 Rxa2 24. Bxf6 Rxd2 25. Bxd8 Rxd1 26. Bxc7 Rxf1 27. Kxf1 Ne7 28. Bh3 Ra8 29. Bxd6 Kf8 30. Bc5 Ke8 31. d6 Nc6 32. d7+ Kd8 33. Bb6+ Ke7 34. b4 Ne5 35. d8Q+ Rxd8 36. Bxd8+ Kxd8 37. Bg2 Kc7 38. Bd5 Nd3 39. Bxf7 Nxb4 40. Bg8 h6 41. Ke2 Kd6 42. Ke3 Kc5 43. Ke4 Nc6 44. f4 Na5 45. Kf5 Nxc4 46. Kg6 b5 47. Kxg7 b4 48. f5 b3 49. f6 b2 50. Bh7 Kd5 1-0

[Event "DEN-chT 1920 58th"]
[Site "Denmark"]
[Date "2019.11.23"]
[Round "1.2"]
[White "Sloth, Jorn"]
[Black "Banusz, Tamas"]
[Result "0-1"]
[WhiteElo "2313"]
[BlackElo "2620"]
[PlyCount "54"]
[EventDate "2019.11.23"]
[EventType "team-tourn"]
[EventRounds "9"]
[EventCountry "DEN"]
[SourceTitle "CBM 193 Extra"]
[Source "ChessBase"]
[SourceDate "2020.01.31"]
[SourceVersion "1"]
[SourceVersionDate "2020.01.31"]
[SourceQuality "1"]
[WhiteTeam "Nordre"]
[BlackTeam "Koge Xtracon"]
[WhiteTeamCountry "DEN"]
[BlackTeamCountry "DEN"]

1. c4 Nf6 2. Nc3 e5 3. Nf3 Nc6 4. d4 exd4 5. Nxd4 Bb4 6. Bg5 h6 7. Bh4 Bxc3+ 8. bxc3 Ne5 9. f3 0-0 10. e4 Ng6 11. Bg3 Nh5 12. Bf2 c6 13. c5 Re8 14. Qd2 b6 15. Nf5 d5 16. 0-0-0 Bxf5 17. exf5 Ne5 18. Be2 Nf6 19. Rhe1 Ned7 20. cxb6 axb6 21. c4 Ra4 22. cxd5 Qa8 23. Kb1 Nxd5 24. Bd3 Ne5 25. Re4 Nxd3 26. Rxe8+ Qxe8 27. Qxd3 Rxa2 0-1

[Event "DEN-chT 1718 56th"]
[Site "Denmark"]
[Date "2018.01.14"]
[Round "6.1"]
[White "Sloth, Jorn"]
[Black "Kristensen, Kaare Hove"]
[Result "1/2-1/2"]
[WhiteElo "2295"]
[BlackElo "2318"]
[PlyCount "23"]
[EventDate "2017.11.18"]
[EventType "team-tourn"]
[EventRounds "9"]
[EventCountry "DEN"]
[SourceTitle "EXT 2019"]
[Source "ChessBase"]
[SourceDate "2018.10.10"]
[SourceVersion "1"]
[SourceVersionDate "2018.10.10"]
[SourceQuality "1"]
[WhiteTeam "Nordre"]
[BlackTeam "Nordkalotten"]
[WhiteTeamCountry "DEN"]
[BlackTeamCountry "DEN"]

1. Nf3 Nf6 2. c4 e6 3. b3 d5 4. Bb2 Be7 5. e3 0-0 6. Nc3 c5 7. Rc1 b6 8. cxd5 Nxd5 9. Nxd5 Qxd5 10. Bc4 Qd8 11. Ne5 Bb7 12. Qg4 1/2-1/2

[Event "Wch Seniors 65 26th"]
[Site "Marianske Lazne"]
[Date "2016.11.24"]
[Round "6"]
[White "Casden, Alan"]
[Black "Sloth, Jorn"]
[Result "1/2-1/2"]
[WhiteElo "2102"]
[BlackElo "2312"]
[PlyCount "27"]
[EventDate "2016.11.19"]
[EventType "swiss"]
[EventRounds "11"]
[EventCountry "CZE"]
[SourceTitle "CBM 175 Extra"]
[Source "ChessBase"]
[SourceDate "2016.12.12"]
[SourceVersion "1"]
[SourceVersionDate "2016.12.12"]
[SourceQuality "1"]

1. e4 Nf6 2. Nc3 d5 3. exd5 Nxd5 4. Bc4 e6 5. Nf3 Be7 6. d4 Nxc3 7. bxc3 Nd7 8. Qe2 c5 9. 0-0 0-0 10. Re1 Nb6 11. Bd3 c4 12. Bxc4 Nxc4 13. Qxc4 Bd7 14. Ne5 1/2-1/2

[Event "Aalborg Larsen Memorial"]
[Site "Aalborg"]
[Date "2016.10.15"]
[Round "1"]
[White "Sloth, Jorn"]
[Black "Hauptmann, Thomas"]
[Result "1-0"]
[WhiteElo "2300"]
[BlackElo "1973"]
[PlyCount "91"]
[EventDate "2016.10.15"]
[EventType "swiss"]
[EventRounds "7"]
[EventCountry "DEN"]
[SourceTitle "CBM 175 Extra"]
[Source "ChessBase"]
[SourceDate "2016.12.12"]
[SourceVersion "1"]
[SourceVersionDate "2016.12.12"]
[SourceQuality "1"]

1. Nf3 Nf6 2. c4 c5 3. Nc3 d6 4. d4 cxd4 5. Nxd4 g6 6. e4 Bg7 7. Be2 0-0 8. 0-0 Nc6 9. Be3 Bd7 10. Nb3 b6 11. Kh1 Be6 12. f4 Qc8 13. Rc1 Bg4 14. Bf3 Bxf3 15. Qxf3 Nd7 16. Rfd1 Nc5 17. Nd4 Nxd4 18. Bxd4 Bxd4 19. Rxd4 Qb7 20. b4 Ne6 21. Rdd1 f6 22. Nd5 Rf7 23. Qe3 Rc8 24. e5 dxe5 25. fxe5 fxe5 26. Qxe5 Ng7 27. Ne3 Qc7 28. Qxc7 Rxc7 29. Ng4 Rf8 30. Ne5 Nf5 31. c5 bxc5 32. bxc5 Rfc8 33. c6 Nd6 34. Rf1 Rf8 35. g4 Nf7 36. Nxf7 Rxf7 37. Rfd1 e5 38. Rd6 Rfe7 39. Kg2 Kf8 40. Rf1+ Ke8 41. Rdf6 Rg7 42. Kf3 Kd8 43. Ke4 Rce7 44. Rb1 Kc8 45. Rf8+ Kc7 46. Kd5 1-0

[Event "DEN-ch Seniors 65"]
[Site "Randers"]
[Date "2015.02.07"]
[Round "1"]
[White "Sloth, Jorn"]
[Black "Andersen, Carl Johan"]
[Result "1-0"]
[WhiteElo "2310"]
[BlackElo "1915"]
[PlyCount "51"]
[EventDate "2015.02.07"]
[EventType "swiss"]
[EventRounds "7"]
[EventCountry "DEN"]
[SourceTitle "EXT 2016"]
[Source "ChessBase"]
[SourceDate "2015.10.08"]
[SourceVersion "1"]
[SourceVersionDate "2015.10.08"]
[SourceQuality "1"]

1. d4 Nf6 2. c4 e6 3. g3 Bb4+ 4. Bd2 Qe7 5. Bg2 Nc6 6. d5 Ne5 7. Qb3 Bxd2+ 8. Nxd2 exd5 9. cxd5 0-0 10. Nh3 d6 11. 0-0 c5 12. dxc6 bxc6 13. Rfe1 d5 14. Nf4 Bf5 15. e4 Rab8 16. Qc3 dxe4 17. Nxe4 Rfe8 18. Nc5 g5 19. Nfd3 Ne4 20. Bxe4 Bxe4 21. Rxe4 Nf3+ 22. Kg2 Qd6 23. Kxf3 Qd5 24. Qd4 g4+ 25. Kg2 Rxe4 26. Qxe4 1-0

[Event "DEN-chT 1415 53rd"]
[Site "Denmark"]
[Date "2015.01.11"]
[Round "5.4"]
[White "Sloth, Jorn"]
[Black "Kristensen, Kaare Hove"]
[Result "1/2-1/2"]
[WhiteElo "2318"]
[BlackElo "2335"]
[PlyCount "31"]
[EventDate "2014.10.25"]
[EventType "team-tourn"]
[EventRounds "9"]
[EventCountry "DEN"]
[SourceTitle "EXT 2016"]
[Source "ChessBase"]
[SourceDate "2015.10.08"]
[SourceVersion "1"]
[SourceVersionDate "2015.10.08"]
[SourceQuality "1"]
[WhiteTeam "Nordre"]
[BlackTeam "Nordkalotten"]
[WhiteTeamCountry "DEN"]
[BlackTeamCountry "DEN"]

1. Nf3 c5 2. b3 d6 3. c4 e5 4. Nc3 f5 5. e3 Nc6 6. Be2 e4 7. Ng1 Qg5 8. Kf1 Be6 9. Nh3 Qh6 10. Nf4 Bf7 11. Nfd5 0-0-0 12. Rb1 Nf6 13. b4 cxb4 14. Qb3 Rd7 15. Nxf6 Qxf6 16. Nd5 1/2-1/2

[Event "Aalborg Larsen Memorial"]
[Site "Aalborg"]
[Date "2014.10.16"]
[Round "4"]
[White "Sloth, Jorn"]
[Black "Wahlbom, Magnus"]
[Result "0-1"]
[WhiteElo "2318"]
[BlackElo "2283"]
[PlyCount "44"]
[EventDate "2014.10.13"]
[EventType "swiss"]
[EventRounds "7"]
[EventCountry "DEN"]
[SourceTitle "EXT 2015"]
[Source "ChessBase"]
[SourceDate "2014.11.20"]
[SourceVersion "1"]
[SourceVersionDate "2014.11.20"]
[SourceQuality "1"]

1. g3 Nf6 2. Bg2 c5 3. c4 d5 4. cxd5 Nxd5 5. Nc3 Nc7 6. d3 e5 7. Be3 Be7 8. Rc1 Nd7 9. Nf3 0-0 10. Nd2 Rb8 11. Nc4 b6 12. Qb3 Bg5 13. 0-0 Bxe3 14. fxe3 Qg5 15. Ne4 Qe7 16. Ncd6 Ne8 17. Nxe8 Qxe8 18. Rf2 Qe7 19. Rcf1 Bb7 20. Nd6 Qxd6 21. Rxf7 Kh8 22. Bxb7 Rxb7 0-1

[Event "Aalborg Larsen Memorial"]
[Site "Aalborg"]
[Date "2014.10.15"]
[Round "3"]
[White "Pedersen, Svend"]
[Black "Sloth, Jorn"]
[Result "1/2-1/2"]
[WhiteElo "2230"]
[BlackElo "2318"]
[PlyCount "30"]
[EventDate "2014.10.13"]
[EventType "swiss"]
[EventRounds "7"]
[EventCountry "DEN"]
[SourceTitle "EXT 2015"]
[Source "ChessBase"]
[SourceDate "2014.11.20"]
[SourceVersion "1"]
[SourceVersionDate "2014.11.20"]
[SourceQuality "1"]

1. e4 c5 2. Nc3 g6 3. g3 Bg7 4. Bg2 Nc6 5. d3 d6 6. Nh3 Nf6 7. 0-0 0-0 8. f4 Bg4 9. Qd2 Nd4 10. Kh1 Rb8 11. Nd1 Qc8 12. Ng1 Bd7 13. c3 Nc6 14. Ne3 Ne8 15. f5 Ne5 1/2-1/2

[Event "DEN-chT 1314 52nd"]
[Site "Denmark"]
[Date "2014.03.09"]
[Round "9.2"]
[White "Sloth, Jorn"]
[Black "Rasmussen, Allan Stig"]
[Result "0-1"]
[WhiteElo "2338"]
[BlackElo "2486"]
[PlyCount "63"]
[EventDate "2013.11.02"]
[EventType "team-tourn"]
[EventRounds "9"]
[EventCountry "DEN"]
[SourceTitle "EXT 2015"]
[Source "ChessBase"]
[SourceDate "2014.11.20"]
[SourceVersion "1"]
[SourceVersionDate "2014.11.20"]
[SourceQuality "1"]
[WhiteTeam "Nordre"]
[BlackTeam "Jetsmark"]
[WhiteTeamCountry "DEN"]
[BlackTeamCountry "DEN"]

1. Nf3 d5 2. e3 c5 3. Bb5+ Nd7 4. d4 e6 5. 0-0 Ngf6 6. b3 Be7 7. Bb2 0-0 8. Nbd2 Qa5 9. Bd3 b5 10. a4 b4 11. Ne5 Bb7 12. f4 Rad8 13. Qf3 Qc7 14. Qh3 Ne4 15. Rad1 Ndf6 16. Ndf3 Qb6 17. g4 Nc3 18. g5 Nfe4 19. Rd2 cxd4 20. exd4 Ba6 21. Rg2 g6 22. Rg4 h5 23. gxh6 Kh7 24. Qg2 Bf6 25. Bxc3 bxc3 26. Bxa6 Qxa6 27. Ng5+ Bxg5 28. fxg5 Qb6 29. Nf3 e5 30. Rd1 exd4 31. Rxd4 f5 32. gxf6 0-1

[Event "DEN-chT 1314 52nd"]
[Site "Denmark"]
[Date "2014.03.08"]
[Round "8.2"]
[White "Laursen, Niels Norskov"]
[Black "Sloth, Jorn"]
[Result "1/2-1/2"]
[WhiteElo "2290"]
[BlackElo "2338"]
[PlyCount "50"]
[EventDate "2013.11.02"]
[EventType "team-tourn"]
[EventRounds "9"]
[EventCountry "DEN"]
[SourceTitle "EXT 2015"]
[Source "ChessBase"]
[SourceDate "2014.11.20"]
[SourceVersion "1"]
[SourceVersionDate "2014.11.20"]
[SourceQuality "1"]
[WhiteTeam "Valby K41"]
[BlackTeam "Nordre"]
[WhiteTeamCountry "DEN"]
[BlackTeamCountry "DEN"]

1. e4 c5 2. Nf3 Nc6 3. Nc3 g6 4. d4 cxd4 5. Nxd4 Bg7 6. Be3 Nf6 7. Bc4 0-0 8. 0-0 d6 9. h3 Na5 10. Bb3 b6 11. Re1 Bb7 12. Bg5 Nxb3 13. Nxb3 h6 14. Bh4 Rc8 15. Qd3 g5 16. Bg3 Nd7 17. Nd4 Ne5 18. Bxe5 Bxe5 19. Nf5 Kh7 20. Rad1 Rc6 21. h4 e6 22. Nd4 Rc5 23. Nb3 Rc7 24. Nd4 Qf6 25. Ncb5 Rd7 1/2-1/2